<?xml version="1.0" encoding="UTF-8"?>
<record
    xmlns:xsi="http://www.w3.org/2001/XMLSchema-instance"
    xsi:schemaLocation="http://www.loc.gov/MARC21/slim http://www.loc.gov/standards/marcxml/schema/MARC21slim.xsd"
    xmlns="http://www.loc.gov/MARC21/slim">

  <leader>00552nam a22002057a 4500</leader>
  <controlfield tag="003">3228</controlfield>
  <controlfield tag="005">20250516155207.0</controlfield>
  <controlfield tag="008">230726b        sa ||||| |||| 00| 0 eng d</controlfield>
  <datafield tag="020" ind1=" " ind2=" ">
    <subfield code="a">9781928326281</subfield>
    <subfield code="q">pbk</subfield>
  </datafield>
  <datafield tag="040" ind1=" " ind2=" ">
    <subfield code="a">RDA</subfield>
    <subfield code="c">3228</subfield>
  </datafield>
  <datafield tag="082" ind1=" " ind2=" ">
    <subfield code="a">J 968.04 REBE</subfield>
  </datafield>
  <datafield tag="245" ind1=" " ind2=" ">
    <subfield code="a">The rebellion of Langalibalele</subfield>
  </datafield>
  <datafield tag="260" ind1=" " ind2=" ">
    <subfield code="a">Bedfordview:</subfield>
    <subfield code="b">Heritage Publisher,</subfield>
    <subfield code="c">2008</subfield>
  </datafield>
  <datafield tag="300" ind1=" " ind2=" ">
    <subfield code="a">48 Pages</subfield>
    <subfield code="c">23.5 cm</subfield>
  </datafield>
  <datafield tag="490" ind1=" " ind2=" ">
    <subfield code="a">Our story</subfield>
  </datafield>
  <datafield tag="500" ind1=" " ind2=" ">
    <subfield code="a">Illustrations, maps</subfield>
  </datafield>
  <datafield tag="942" ind1=" " ind2=" ">
    <subfield code="w">162</subfield>
    <subfield code="x">Elsie Maluleke</subfield>
    <subfield code="y">174</subfield>
    <subfield code="z">Sanet Schoeman</subfield>
  </datafield>
  <datafield tag="942" ind1=" " ind2=" ">
    <subfield code="2">ddc</subfield>
  </datafield>
  <datafield tag="942" ind1=" " ind2=" ">
    <subfield code="2">ddc</subfield>
    <subfield code="c">BOOK</subfield>
  </datafield>
  <datafield tag="999" ind1=" " ind2=" ">
    <subfield code="c">755690</subfield>
    <subfield code="d">755689</subfield>
  </datafield>
  <datafield tag="952" ind1=" " ind2=" ">
    <subfield code="0">0</subfield>
    <subfield code="1">0</subfield>
    <subfield code="2">ddc</subfield>
    <subfield code="4">0</subfield>
    <subfield code="7">0</subfield>
    <subfield code="a">LYDEL</subfield>
    <subfield code="b">SIMIL</subfield>
    <subfield code="d">2023-07-26</subfield>
    <subfield code="l">0</subfield>
    <subfield code="o">968.04 REBE</subfield>
    <subfield code="p">33228031104627</subfield>
    <subfield code="r">2023-07-26</subfield>
    <subfield code="w">2023-07-26</subfield>
    <subfield code="y">BOOK</subfield>
  </datafield>
  <datafield tag="952" ind1=" " ind2=" ">
    <subfield code="0">0</subfield>
    <subfield code="1">0</subfield>
    <subfield code="2">ddc</subfield>
    <subfield code="4">0</subfield>
    <subfield code="7">0</subfield>
    <subfield code="a">LYDEL</subfield>
    <subfield code="b">ACORL</subfield>
    <subfield code="d">2023-08-21</subfield>
    <subfield code="l">0</subfield>
    <subfield code="o">968.04 REBE</subfield>
    <subfield code="p">33228031104017</subfield>
    <subfield code="r">2023-08-21</subfield>
    <subfield code="w">2023-08-21</subfield>
    <subfield code="y">BOOK</subfield>
  </datafield>
  <datafield tag="952" ind1=" " ind2=" ">
    <subfield code="0">0</subfield>
    <subfield code="1">0</subfield>
    <subfield code="2">ddc</subfield>
    <subfield code="4">0</subfield>
    <subfield code="7">0</subfield>
    <subfield code="8">900</subfield>
    <subfield code="a">MBOMRL</subfield>
    <subfield code="b">BARBL</subfield>
    <subfield code="c">GEN</subfield>
    <subfield code="d">2023-10-02</subfield>
    <subfield code="l">0</subfield>
    <subfield code="o">J 968.04 REBE</subfield>
    <subfield code="p">33228031163613</subfield>
    <subfield code="r">2023-10-02</subfield>
    <subfield code="w">2023-10-02</subfield>
    <subfield code="y">BOOK</subfield>
  </datafield>
  <datafield tag="952" ind1=" " ind2=" ">
    <subfield code="0">0</subfield>
    <subfield code="1">0</subfield>
    <subfield code="2">ddc</subfield>
    <subfield code="4">0</subfield>
    <subfield code="7">0</subfield>
    <subfield code="8">900</subfield>
    <subfield code="a">MBOMRL</subfield>
    <subfield code="b">MASOL</subfield>
    <subfield code="c">CHILD</subfield>
    <subfield code="d">2025-01-30</subfield>
    <subfield code="g">121.00</subfield>
    <subfield code="l">0</subfield>
    <subfield code="o">J 968.04 REBE</subfield>
    <subfield code="p">33228031162784</subfield>
    <subfield code="r">2025-01-30</subfield>
    <subfield code="w">2025-01-30</subfield>
    <subfield code="y">BOOK</subfield>
  </datafield>
  <datafield tag="952" ind1=" " ind2=" ">
    <subfield code="0">0</subfield>
    <subfield code="1">0</subfield>
    <subfield code="2">ddc</subfield>
    <subfield code="4">0</subfield>
    <subfield code="7">0</subfield>
    <subfield code="8">900</subfield>
    <subfield code="a">STANRL</subfield>
    <subfield code="b">NTHOL</subfield>
    <subfield code="c">GEN</subfield>
    <subfield code="d">2025-02-05</subfield>
    <subfield code="g">115.00</subfield>
    <subfield code="l">0</subfield>
    <subfield code="o">J 968.04 REBE</subfield>
    <subfield code="p">3322803188754</subfield>
    <subfield code="r">2025-02-05</subfield>
    <subfield code="w">2025-02-05</subfield>
    <subfield code="y">BOOK</subfield>
  </datafield>
  <datafield tag="952" ind1=" " ind2=" ">
    <subfield code="0">0</subfield>
    <subfield code="1">0</subfield>
    <subfield code="2">ddc</subfield>
    <subfield code="4">0</subfield>
    <subfield code="7">0</subfield>
    <subfield code="8">900</subfield>
    <subfield code="a">STANRL</subfield>
    <subfield code="b">EMBAL</subfield>
    <subfield code="c">GEN</subfield>
    <subfield code="d">2025-02-05</subfield>
    <subfield code="g">115.00</subfield>
    <subfield code="l">0</subfield>
    <subfield code="o">J 968.04 REBE</subfield>
    <subfield code="p">3322803188751</subfield>
    <subfield code="r">2025-02-05</subfield>
    <subfield code="w">2025-02-05</subfield>
    <subfield code="y">BOOK</subfield>
  </datafield>
  <datafield tag="952" ind1=" " ind2=" ">
    <subfield code="0">0</subfield>
    <subfield code="1">0</subfield>
    <subfield code="2">ddc</subfield>
    <subfield code="4">0</subfield>
    <subfield code="7">0</subfield>
    <subfield code="8">900</subfield>
    <subfield code="a">STANRL</subfield>
    <subfield code="b">SECL</subfield>
    <subfield code="c">GEN</subfield>
    <subfield code="d">2025-02-05</subfield>
    <subfield code="g">115.00</subfield>
    <subfield code="l">0</subfield>
    <subfield code="o">J 968.04 REBE</subfield>
    <subfield code="p">3322803188750</subfield>
    <subfield code="r">2025-02-05</subfield>
    <subfield code="w">2025-02-05</subfield>
    <subfield code="y">BOOK</subfield>
  </datafield>
  <datafield tag="952" ind1=" " ind2=" ">
    <subfield code="0">0</subfield>
    <subfield code="1">0</subfield>
    <subfield code="2">ddc</subfield>
    <subfield code="4">0</subfield>
    <subfield code="7">0</subfield>
    <subfield code="8">900</subfield>
    <subfield code="a">STANRL</subfield>
    <subfield code="b">BALFL</subfield>
    <subfield code="c">GEN</subfield>
    <subfield code="d">2025-02-05</subfield>
    <subfield code="g">115.00</subfield>
    <subfield code="l">0</subfield>
    <subfield code="o">J 968.04 REBE</subfield>
    <subfield code="p">3322803188752</subfield>
    <subfield code="r">2025-02-05</subfield>
    <subfield code="w">2025-02-05</subfield>
    <subfield code="y">BOOK</subfield>
  </datafield>
  <datafield tag="952" ind1=" " ind2=" ">
    <subfield code="0">0</subfield>
    <subfield code="1">0</subfield>
    <subfield code="2">ddc</subfield>
    <subfield code="4">0</subfield>
    <subfield code="7">0</subfield>
    <subfield code="8">900</subfield>
    <subfield code="a">STANRL</subfield>
    <subfield code="b">BETHL</subfield>
    <subfield code="c">GEN</subfield>
    <subfield code="d">2025-02-05</subfield>
    <subfield code="g">115.00</subfield>
    <subfield code="l">0</subfield>
    <subfield code="o">J 968.04 REBE</subfield>
    <subfield code="p">3322803188753</subfield>
    <subfield code="r">2025-02-05</subfield>
    <subfield code="w">2025-02-05</subfield>
    <subfield code="y">BOOK</subfield>
  </datafield>
  <datafield tag="952" ind1=" " ind2=" ">
    <subfield code="0">0</subfield>
    <subfield code="1">0</subfield>
    <subfield code="2">ddc</subfield>
    <subfield code="4">0</subfield>
    <subfield code="7">0</subfield>
    <subfield code="8">900</subfield>
    <subfield code="a">THANPL</subfield>
    <subfield code="b">THANPL</subfield>
    <subfield code="c">GEN</subfield>
    <subfield code="d">2025-03-05</subfield>
    <subfield code="g">121.00</subfield>
    <subfield code="l">0</subfield>
    <subfield code="o">J 968.04 REBE</subfield>
    <subfield code="p">3322803175097</subfield>
    <subfield code="r">2025-03-05</subfield>
    <subfield code="w">2025-03-05</subfield>
    <subfield code="y">BOOK</subfield>
  </datafield>
  <datafield tag="952" ind1=" " ind2=" ">
    <subfield code="0">0</subfield>
    <subfield code="1">0</subfield>
    <subfield code="2">ddc</subfield>
    <subfield code="4">0</subfield>
    <subfield code="7">0</subfield>
    <subfield code="8">900</subfield>
    <subfield code="a">THANPL</subfield>
    <subfield code="b">THANPL</subfield>
    <subfield code="c">GEN</subfield>
    <subfield code="d">2025-03-05</subfield>
    <subfield code="g">121.00</subfield>
    <subfield code="l">0</subfield>
    <subfield code="o">J 968.04 REBE</subfield>
    <subfield code="p">3322803174655</subfield>
    <subfield code="r">2025-03-06</subfield>
    <subfield code="w">2025-03-05</subfield>
    <subfield code="y">BOOK</subfield>
  </datafield>
  <datafield tag="952" ind1=" " ind2=" ">
    <subfield code="0">0</subfield>
    <subfield code="1">0</subfield>
    <subfield code="2">ddc</subfield>
    <subfield code="4">0</subfield>
    <subfield code="7">0</subfield>
    <subfield code="a">LYDEL</subfield>
    <subfield code="b">LEROL</subfield>
    <subfield code="d">2025-04-24</subfield>
    <subfield code="g">115.00</subfield>
    <subfield code="l">0</subfield>
    <subfield code="o">J 968.04 REBE</subfield>
    <subfield code="p">3322803185217</subfield>
    <subfield code="r">2025-04-24</subfield>
    <subfield code="w">2025-04-24</subfield>
    <subfield code="y">BOOK</subfield>
  </datafield>
  <datafield tag="952" ind1=" " ind2=" ">
    <subfield code="0">0</subfield>
    <subfield code="1">0</subfield>
    <subfield code="2">ddc</subfield>
    <subfield code="4">0</subfield>
    <subfield code="7">0</subfield>
    <subfield code="8">900</subfield>
    <subfield code="a">STANRL</subfield>
    <subfield code="b">amer</subfield>
    <subfield code="c">GEN</subfield>
    <subfield code="d">2025-05-16</subfield>
    <subfield code="l">0</subfield>
    <subfield code="o">J 968.04 REBE</subfield>
    <subfield code="p">3322803188493</subfield>
    <subfield code="r">2025-05-16</subfield>
    <subfield code="w">2025-05-16</subfield>
    <subfield code="y">BOOK</subfield>
  </datafield>
  <datafield tag="952" ind1=" " ind2=" ">
    <subfield code="0">0</subfield>
    <subfield code="1">0</subfield>
    <subfield code="2">ddc</subfield>
    <subfield code="4">0</subfield>
    <subfield code="7">0</subfield>
    <subfield code="8">900</subfield>
    <subfield code="a">STANRL</subfield>
    <subfield code="b">LEBOL</subfield>
    <subfield code="c">GEN</subfield>
    <subfield code="d">2025-05-16</subfield>
    <subfield code="l">0</subfield>
    <subfield code="o">J 968.04 REBE</subfield>
    <subfield code="p">3322803188491</subfield>
    <subfield code="r">2025-05-16</subfield>
    <subfield code="w">2025-05-16</subfield>
    <subfield code="y">BOOK</subfield>
  </datafield>
  <datafield tag="952" ind1=" " ind2=" ">
    <subfield code="0">0</subfield>
    <subfield code="1">0</subfield>
    <subfield code="2">ddc</subfield>
    <subfield code="4">0</subfield>
    <subfield code="7">0</subfield>
    <subfield code="8">900</subfield>
    <subfield code="a">STANRL</subfield>
    <subfield code="b">EMIZL</subfield>
    <subfield code="c">GEN</subfield>
    <subfield code="d">2025-05-16</subfield>
    <subfield code="l">0</subfield>
    <subfield code="o">J 968.04 REBE</subfield>
    <subfield code="p">3322803188492</subfield>
    <subfield code="r">2025-05-16</subfield>
    <subfield code="w">2025-05-16</subfield>
    <subfield code="y">BOOK</subfield>
  </datafield>
  <datafield tag="952" ind1=" " ind2=" ">
    <subfield code="0">0</subfield>
    <subfield code="1">0</subfield>
    <subfield code="2">ddc</subfield>
    <subfield code="4">0</subfield>
    <subfield code="7">0</subfield>
    <subfield code="8">900</subfield>
    <subfield code="a">STANRL</subfield>
    <subfield code="b">EMBAL</subfield>
    <subfield code="c">GEN</subfield>
    <subfield code="d">2025-05-16</subfield>
    <subfield code="l">0</subfield>
    <subfield code="o">J 968.04 REBE</subfield>
    <subfield code="p">3322803188490</subfield>
    <subfield code="r">2025-05-16</subfield>
    <subfield code="w">2025-05-16</subfield>
    <subfield code="y">BOOK</subfield>
  </datafield>
  <datafield tag="952" ind1=" " ind2=" ">
    <subfield code="0">0</subfield>
    <subfield code="1">0</subfield>
    <subfield code="2">ddc</subfield>
    <subfield code="4">0</subfield>
    <subfield code="7">0</subfield>
    <subfield code="8">900</subfield>
    <subfield code="a">STANRL</subfield>
    <subfield code="b">DAGGL</subfield>
    <subfield code="c">GEN</subfield>
    <subfield code="d">2025-05-16</subfield>
    <subfield code="l">0</subfield>
    <subfield code="o">J 968.04 REBE</subfield>
    <subfield code="p">3322803188489</subfield>
    <subfield code="r">2025-05-16</subfield>
    <subfield code="w">2025-05-16</subfield>
    <subfield code="y">BOOK</subfield>
  </datafield>
  <datafield tag="952" ind1=" " ind2=" ">
    <subfield code="0">0</subfield>
    <subfield code="1">0</subfield>
    <subfield code="2">ddc</subfield>
    <subfield code="4">0</subfield>
    <subfield code="7">0</subfield>
    <subfield code="8">900</subfield>
    <subfield code="a">STANRL</subfield>
    <subfield code="b">PERD</subfield>
    <subfield code="c">GEN</subfield>
    <subfield code="d">2025-05-16</subfield>
    <subfield code="l">0</subfield>
    <subfield code="o">J 968.04 REBE</subfield>
    <subfield code="p">3322803188488</subfield>
    <subfield code="r">2025-05-16</subfield>
    <subfield code="w">2025-05-16</subfield>
    <subfield code="y">BOOK</subfield>
  </datafield>
  <datafield tag="952" ind1=" " ind2=" ">
    <subfield code="0">0</subfield>
    <subfield code="1">0</subfield>
    <subfield code="2">ddc</subfield>
    <subfield code="4">0</subfield>
    <subfield code="7">0</subfield>
    <subfield code="8">900</subfield>
    <subfield code="a">SAKHL</subfield>
    <subfield code="b">SAKHL</subfield>
    <subfield code="c">GEN</subfield>
    <subfield code="d">2025-05-16</subfield>
    <subfield code="o">J 968.04 REBE</subfield>
    <subfield code="p">3322803188487</subfield>
    <subfield code="r">2025-05-16</subfield>
    <subfield code="w">2025-05-16</subfield>
    <subfield code="y">BOOK</subfield>
  </datafield>
  <datafield tag="952" ind1=" " ind2=" ">
    <subfield code="0">0</subfield>
    <subfield code="1">0</subfield>
    <subfield code="2">ddc</subfield>
    <subfield code="4">0</subfield>
    <subfield code="7">0</subfield>
    <subfield code="8">900</subfield>
    <subfield code="a">STANL</subfield>
    <subfield code="b">STANL</subfield>
    <subfield code="c">GEN</subfield>
    <subfield code="d">2025-05-16</subfield>
    <subfield code="o">J 968.04 REBE</subfield>
    <subfield code="p">3322803188486</subfield>
    <subfield code="r">2025-05-16</subfield>
    <subfield code="v">115.00</subfield>
    <subfield code="w">2025-05-16</subfield>
    <subfield code="y">BOOK</subfield>
  </datafield>
  <datafield tag="952" ind1=" " ind2=" ">
    <subfield code="0">0</subfield>
    <subfield code="1">0</subfield>
    <subfield code="2">ddc</subfield>
    <subfield code="4">0</subfield>
    <subfield code="7">0</subfield>
    <subfield code="8">900</subfield>
    <subfield code="a">STANRL</subfield>
    <subfield code="b">NTHOL</subfield>
    <subfield code="c">GEN</subfield>
    <subfield code="d">2025-05-16</subfield>
    <subfield code="l">0</subfield>
    <subfield code="o">J 968.04 REBE</subfield>
    <subfield code="p">3322803188485</subfield>
    <subfield code="r">2025-05-16</subfield>
    <subfield code="w">2025-05-16</subfield>
    <subfield code="y">BOOK</subfield>
  </datafield>
  <datafield tag="952" ind1=" " ind2=" ">
    <subfield code="0">0</subfield>
    <subfield code="1">0</subfield>
    <subfield code="2">ddc</subfield>
    <subfield code="4">0</subfield>
    <subfield code="7">0</subfield>
    <subfield code="8">900</subfield>
    <subfield code="a">STANRL</subfield>
    <subfield code="b">BALFL</subfield>
    <subfield code="c">GEN</subfield>
    <subfield code="d">2025-05-16</subfield>
    <subfield code="l">0</subfield>
    <subfield code="o">J 968.04 REBE</subfield>
    <subfield code="p">3322803188484</subfield>
    <subfield code="r">2025-05-16</subfield>
    <subfield code="w">2025-05-16</subfield>
    <subfield code="y">BOOK</subfield>
  </datafield>
  <datafield tag="952" ind1=" " ind2=" ">
    <subfield code="0">0</subfield>
    <subfield code="1">0</subfield>
    <subfield code="2">ddc</subfield>
    <subfield code="4">0</subfield>
    <subfield code="7">0</subfield>
    <subfield code="8">900</subfield>
    <subfield code="a">MBOMRL</subfield>
    <subfield code="b">EMJIL</subfield>
    <subfield code="c">CHILD</subfield>
    <subfield code="d">2025-06-09</subfield>
    <subfield code="g">121.00</subfield>
    <subfield code="l">0</subfield>
    <subfield code="o">J 968.04 REBE</subfield>
    <subfield code="p">33228031162611</subfield>
    <subfield code="r">2025-06-09</subfield>
    <subfield code="w">2025-06-09</subfield>
    <subfield code="y">BOOK</subfield>
  </datafield>
  <datafield tag="952" ind1=" " ind2=" ">
    <subfield code="0">0</subfield>
    <subfield code="1">0</subfield>
    <subfield code="2">ddc</subfield>
    <subfield code="4">0</subfield>
    <subfield code="7">0</subfield>
    <subfield code="8">900</subfield>
    <subfield code="a">KWAML</subfield>
    <subfield code="b">LIBAL</subfield>
    <subfield code="c">GEN</subfield>
    <subfield code="d">2025-07-08</subfield>
    <subfield code="o">J 968.04 REBE</subfield>
    <subfield code="p">33228031085753</subfield>
    <subfield code="r">2025-07-08</subfield>
    <subfield code="w">2025-07-08</subfield>
    <subfield code="y">BOOK</subfield>
  </datafield>
  <datafield tag="952" ind1=" " ind2=" ">
    <subfield code="0">0</subfield>
    <subfield code="1">0</subfield>
    <subfield code="2">ddc</subfield>
    <subfield code="4">0</subfield>
    <subfield code="7">0</subfield>
    <subfield code="8">900</subfield>
    <subfield code="a">KWAML</subfield>
    <subfield code="b">SIYABL</subfield>
    <subfield code="c">GEN</subfield>
    <subfield code="d">2025-07-08</subfield>
    <subfield code="l">0</subfield>
    <subfield code="o">J 968.04 REBE</subfield>
    <subfield code="p">33228031085066</subfield>
    <subfield code="r">2025-07-08</subfield>
    <subfield code="w">2025-07-08</subfield>
    <subfield code="y">BOOK</subfield>
  </datafield>
  <datafield tag="952" ind1=" " ind2=" ">
    <subfield code="0">0</subfield>
    <subfield code="1">0</subfield>
    <subfield code="2">ddc</subfield>
    <subfield code="4">0</subfield>
    <subfield code="7">0</subfield>
    <subfield code="8">900</subfield>
    <subfield code="a">KWAML</subfield>
    <subfield code="b">SIYABL</subfield>
    <subfield code="c">Non_Fiction</subfield>
    <subfield code="d">2025-07-10</subfield>
    <subfield code="l">1</subfield>
    <subfield code="o">J 968.04 REBE</subfield>
    <subfield code="p">33228031085453</subfield>
    <subfield code="r">2025-10-02</subfield>
    <subfield code="s">2025-09-12</subfield>
    <subfield code="w">2025-07-10</subfield>
    <subfield code="y">BOOK</subfield>
  </datafield>
  <datafield tag="952" ind1=" " ind2=" ">
    <subfield code="0">0</subfield>
    <subfield code="1">0</subfield>
    <subfield code="2">ddc</subfield>
    <subfield code="4">0</subfield>
    <subfield code="7">0</subfield>
    <subfield code="8">900</subfield>
    <subfield code="a">MBOMRL</subfield>
    <subfield code="b">MATPL</subfield>
    <subfield code="c">GEN</subfield>
    <subfield code="d">2025-08-08</subfield>
    <subfield code="g">115.00</subfield>
    <subfield code="l">0</subfield>
    <subfield code="o">J 968.04 REBE</subfield>
    <subfield code="p">33228031163710</subfield>
    <subfield code="r">2025-08-08</subfield>
    <subfield code="w">2025-08-08</subfield>
    <subfield code="y">BOOK</subfield>
  </datafield>
  <datafield tag="952" ind1=" " ind2=" ">
    <subfield code="0">0</subfield>
    <subfield code="1">0</subfield>
    <subfield code="2">ddc</subfield>
    <subfield code="4">0</subfield>
    <subfield code="7">0</subfield>
    <subfield code="8">900</subfield>
    <subfield code="a">MBOMRL</subfield>
    <subfield code="b">MATPL</subfield>
    <subfield code="c">GEN</subfield>
    <subfield code="d">2025-08-08</subfield>
    <subfield code="g">115.00</subfield>
    <subfield code="o">J 968.04 REBE</subfield>
    <subfield code="p">33228031163718</subfield>
    <subfield code="r">2025-08-08</subfield>
    <subfield code="w">2025-08-08</subfield>
    <subfield code="y">BOOK</subfield>
  </datafield>
  <datafield tag="952" ind1=" " ind2=" ">
    <subfield code="0">0</subfield>
    <subfield code="1">0</subfield>
    <subfield code="2">ddc</subfield>
    <subfield code="4">0</subfield>
    <subfield code="7">0</subfield>
    <subfield code="8">900</subfield>
    <subfield code="a">HLHLL</subfield>
    <subfield code="b">HLHLL</subfield>
    <subfield code="c">GEN</subfield>
    <subfield code="d">2025-08-12</subfield>
    <subfield code="l">0</subfield>
    <subfield code="o">968.04 REBE</subfield>
    <subfield code="p">3300610005370</subfield>
    <subfield code="r">2025-08-12</subfield>
    <subfield code="w">2025-08-12</subfield>
    <subfield code="y">BOOK</subfield>
  </datafield>
  <datafield tag="952" ind1=" " ind2=" ">
    <subfield code="0">0</subfield>
    <subfield code="1">0</subfield>
    <subfield code="2">ddc</subfield>
    <subfield code="4">0</subfield>
    <subfield code="7">0</subfield>
    <subfield code="8">900</subfield>
    <subfield code="a">MBOMRL</subfield>
    <subfield code="b">KANYL</subfield>
    <subfield code="c">GEN</subfield>
    <subfield code="d">2025-08-22</subfield>
    <subfield code="g">115.00</subfield>
    <subfield code="l">0</subfield>
    <subfield code="o">J 968.04 REBE</subfield>
    <subfield code="p">33228031162305</subfield>
    <subfield code="r">2025-08-22</subfield>
    <subfield code="w">2025-08-22</subfield>
    <subfield code="y">BOOK</subfield>
  </datafield>
  <datafield tag="952" ind1=" " ind2=" ">
    <subfield code="0">0</subfield>
    <subfield code="1">0</subfield>
    <subfield code="2">ddc</subfield>
    <subfield code="4">0</subfield>
    <subfield code="7">0</subfield>
    <subfield code="a">MASHML</subfield>
    <subfield code="b">MASHML</subfield>
    <subfield code="c">Non_Fiction</subfield>
    <subfield code="d">2025-08-29</subfield>
    <subfield code="l">0</subfield>
    <subfield code="o">J 968.04 REBE</subfield>
    <subfield code="p">3322803184095</subfield>
    <subfield code="r">2025-08-29</subfield>
    <subfield code="w">2025-08-29</subfield>
    <subfield code="y">BOOK</subfield>
  </datafield>
  <datafield tag="952" ind1=" " ind2=" ">
    <subfield code="0">0</subfield>
    <subfield code="1">0</subfield>
    <subfield code="2">ddc</subfield>
    <subfield code="4">0</subfield>
    <subfield code="7">0</subfield>
    <subfield code="8">900</subfield>
    <subfield code="a">MBOMRL</subfield>
    <subfield code="b">KABOL</subfield>
    <subfield code="c">GEN</subfield>
    <subfield code="d">2025-09-11</subfield>
    <subfield code="g">115.00</subfield>
    <subfield code="l">0</subfield>
    <subfield code="o">J 968.04 REBE</subfield>
    <subfield code="p">33228031163468</subfield>
    <subfield code="r">2025-09-11</subfield>
    <subfield code="w">2025-09-11</subfield>
    <subfield code="y">BOOK</subfield>
  </datafield>
  <datafield tag="952" ind1=" " ind2=" ">
    <subfield code="0">0</subfield>
    <subfield code="1">0</subfield>
    <subfield code="2">ddc</subfield>
    <subfield code="4">0</subfield>
    <subfield code="7">0</subfield>
    <subfield code="8">900</subfield>
    <subfield code="a">KWAML</subfield>
    <subfield code="b">MAPHL</subfield>
    <subfield code="c">Non_Fiction</subfield>
    <subfield code="d">2025-09-16</subfield>
    <subfield code="l">0</subfield>
    <subfield code="o">J 968.04 REBE</subfield>
    <subfield code="p">3322802446447</subfield>
    <subfield code="r">2025-09-16</subfield>
    <subfield code="w">2025-09-16</subfield>
    <subfield code="y">BOOK</subfield>
  </datafield>
  <datafield tag="952" ind1=" " ind2=" ">
    <subfield code="0">0</subfield>
    <subfield code="1">0</subfield>
    <subfield code="2">ddc</subfield>
    <subfield code="4">0</subfield>
    <subfield code="7">0</subfield>
    <subfield code="8">900</subfield>
    <subfield code="a">KWAML</subfield>
    <subfield code="b">MAPHL</subfield>
    <subfield code="c">Non_Fiction</subfield>
    <subfield code="d">2025-09-16</subfield>
    <subfield code="l">0</subfield>
    <subfield code="o">J 968.04 REBE</subfield>
    <subfield code="p">33228024464487</subfield>
    <subfield code="r">2025-09-16</subfield>
    <subfield code="w">2025-09-16</subfield>
    <subfield code="y">BOOK</subfield>
  </datafield>
  <datafield tag="952" ind1=" " ind2=" ">
    <subfield code="0">0</subfield>
    <subfield code="1">0</subfield>
    <subfield code="2">ddc</subfield>
    <subfield code="4">0</subfield>
    <subfield code="7">0</subfield>
    <subfield code="8">900</subfield>
    <subfield code="a">KWAML</subfield>
    <subfield code="b">MAPHL</subfield>
    <subfield code="c">Non_Fiction</subfield>
    <subfield code="d">2025-09-16</subfield>
    <subfield code="l">0</subfield>
    <subfield code="o">J 968.04 REBE</subfield>
    <subfield code="p">33228024464495</subfield>
    <subfield code="r">2025-09-16</subfield>
    <subfield code="w">2025-09-16</subfield>
    <subfield code="y">BOOK</subfield>
  </datafield>
  <datafield tag="952" ind1=" " ind2=" ">
    <subfield code="0">0</subfield>
    <subfield code="1">0</subfield>
    <subfield code="2">ddc</subfield>
    <subfield code="4">0</subfield>
    <subfield code="7">0</subfield>
    <subfield code="8">900</subfield>
    <subfield code="a">KWAML</subfield>
    <subfield code="b">MAPHL</subfield>
    <subfield code="c">Non_Fiction</subfield>
    <subfield code="d">2025-09-16</subfield>
    <subfield code="l">0</subfield>
    <subfield code="o">J 968.04 REBE</subfield>
    <subfield code="p">33228024464503</subfield>
    <subfield code="r">2025-09-16</subfield>
    <subfield code="w">2025-09-16</subfield>
    <subfield code="y">BOOK</subfield>
  </datafield>
  <datafield tag="952" ind1=" " ind2=" ">
    <subfield code="0">0</subfield>
    <subfield code="1">0</subfield>
    <subfield code="2">ddc</subfield>
    <subfield code="4">0</subfield>
    <subfield code="7">0</subfield>
    <subfield code="8">900</subfield>
    <subfield code="a">KWAML</subfield>
    <subfield code="b">MAPHL</subfield>
    <subfield code="d">2025-09-16</subfield>
    <subfield code="l">0</subfield>
    <subfield code="o">J 968.04 REBE</subfield>
    <subfield code="p">33228024464511</subfield>
    <subfield code="r">2025-09-16</subfield>
    <subfield code="w">2025-09-16</subfield>
    <subfield code="y">BOOK</subfield>
  </datafield>
  <datafield tag="952" ind1=" " ind2=" ">
    <subfield code="0">0</subfield>
    <subfield code="1">0</subfield>
    <subfield code="2">ddc</subfield>
    <subfield code="4">0</subfield>
    <subfield code="7">0</subfield>
    <subfield code="8">900</subfield>
    <subfield code="a">KWAML</subfield>
    <subfield code="b">MAPHL</subfield>
    <subfield code="c">Non_Fiction</subfield>
    <subfield code="d">2025-09-16</subfield>
    <subfield code="l">0</subfield>
    <subfield code="o">J 968.04 REBE</subfield>
    <subfield code="p">33228024464529</subfield>
    <subfield code="r">2025-09-16</subfield>
    <subfield code="w">2025-09-16</subfield>
    <subfield code="y">BOOK</subfield>
  </datafield>
  <datafield tag="952" ind1=" " ind2=" ">
    <subfield code="0">0</subfield>
    <subfield code="1">0</subfield>
    <subfield code="2">ddc</subfield>
    <subfield code="4">0</subfield>
    <subfield code="7">0</subfield>
    <subfield code="8">900</subfield>
    <subfield code="a">KWAML</subfield>
    <subfield code="b">MAPHL</subfield>
    <subfield code="c">Non_Fiction</subfield>
    <subfield code="d">2025-09-16</subfield>
    <subfield code="l">0</subfield>
    <subfield code="o">J 968.04 REBE</subfield>
    <subfield code="p">33228024464537</subfield>
    <subfield code="r">2025-09-16</subfield>
    <subfield code="w">2025-09-16</subfield>
    <subfield code="y">BOOK</subfield>
  </datafield>
  <datafield tag="952" ind1=" " ind2=" ">
    <subfield code="0">0</subfield>
    <subfield code="1">0</subfield>
    <subfield code="2">ddc</subfield>
    <subfield code="4">0</subfield>
    <subfield code="7">0</subfield>
    <subfield code="8">900</subfield>
    <subfield code="a">KWAML</subfield>
    <subfield code="b">MAPHL</subfield>
    <subfield code="c">Non_Fiction</subfield>
    <subfield code="d">2025-09-16</subfield>
    <subfield code="l">0</subfield>
    <subfield code="o">J 968.04 REBE</subfield>
    <subfield code="p">33228024464545</subfield>
    <subfield code="r">2025-09-16</subfield>
    <subfield code="w">2025-09-16</subfield>
    <subfield code="y">BOOK</subfield>
  </datafield>
  <datafield tag="952" ind1=" " ind2=" ">
    <subfield code="0">0</subfield>
    <subfield code="1">0</subfield>
    <subfield code="2">ddc</subfield>
    <subfield code="4">0</subfield>
    <subfield code="7">0</subfield>
    <subfield code="8">900</subfield>
    <subfield code="a">KWAML</subfield>
    <subfield code="b">MAPHL</subfield>
    <subfield code="c">Non_Fiction</subfield>
    <subfield code="d">2025-09-16</subfield>
    <subfield code="l">0</subfield>
    <subfield code="o">J 968.04 REBE</subfield>
    <subfield code="p">33228024464552</subfield>
    <subfield code="r">2025-09-16</subfield>
    <subfield code="w">2025-09-16</subfield>
    <subfield code="y">BOOK</subfield>
  </datafield>
  <datafield tag="952" ind1=" " ind2=" ">
    <subfield code="0">0</subfield>
    <subfield code="1">0</subfield>
    <subfield code="2">ddc</subfield>
    <subfield code="4">0</subfield>
    <subfield code="7">0</subfield>
    <subfield code="8">900</subfield>
    <subfield code="a">KWAML</subfield>
    <subfield code="b">MAPHL</subfield>
    <subfield code="c">Non_Fiction</subfield>
    <subfield code="d">2025-09-16</subfield>
    <subfield code="l">0</subfield>
    <subfield code="o">J 968.04 REBE</subfield>
    <subfield code="p">33228024464560</subfield>
    <subfield code="r">2025-09-16</subfield>
    <subfield code="w">2025-09-16</subfield>
    <subfield code="y">BOOK</subfield>
  </datafield>
  <datafield tag="952" ind1=" " ind2=" ">
    <subfield code="0">0</subfield>
    <subfield code="1">0</subfield>
    <subfield code="2">ddc</subfield>
    <subfield code="4">0</subfield>
    <subfield code="7">0</subfield>
    <subfield code="8">900</subfield>
    <subfield code="a">MASHML</subfield>
    <subfield code="b">MASHML</subfield>
    <subfield code="c">Non_Fiction</subfield>
    <subfield code="d">2025-09-23</subfield>
    <subfield code="l">0</subfield>
    <subfield code="o">J 968.04 REBE</subfield>
    <subfield code="p">3228200024770</subfield>
    <subfield code="r">2025-09-23</subfield>
    <subfield code="w">2025-09-23</subfield>
    <subfield code="y">BOOK</subfield>
  </datafield>
  <datafield tag="952" ind1=" " ind2=" ">
    <subfield code="0">0</subfield>
    <subfield code="1">0</subfield>
    <subfield code="2">ddc</subfield>
    <subfield code="4">0</subfield>
    <subfield code="7">0</subfield>
    <subfield code="8">900</subfield>
    <subfield code="a">MASHML</subfield>
    <subfield code="b">MASHML</subfield>
    <subfield code="c">Non_Fiction</subfield>
    <subfield code="d">2025-09-23</subfield>
    <subfield code="l">0</subfield>
    <subfield code="o">J 968.04 REBE</subfield>
    <subfield code="p">3228200024766</subfield>
    <subfield code="r">2025-09-23</subfield>
    <subfield code="w">2025-09-23</subfield>
    <subfield code="y">BOOK</subfield>
  </datafield>
  <datafield tag="952" ind1=" " ind2=" ">
    <subfield code="0">0</subfield>
    <subfield code="1">0</subfield>
    <subfield code="2">ddc</subfield>
    <subfield code="4">0</subfield>
    <subfield code="7">0</subfield>
    <subfield code="8">900</subfield>
    <subfield code="a">MBOMRL</subfield>
    <subfield code="b">KANYL</subfield>
    <subfield code="c">GEN</subfield>
    <subfield code="d">2025-10-02</subfield>
    <subfield code="g">115.00</subfield>
    <subfield code="l">0</subfield>
    <subfield code="o">J 968.04 REBE</subfield>
    <subfield code="p">3228200071512</subfield>
    <subfield code="r">2025-10-02</subfield>
    <subfield code="w">2025-10-02</subfield>
    <subfield code="y">BOOK</subfield>
  </datafield>
  <datafield tag="952" ind1=" " ind2=" ">
    <subfield code="0">0</subfield>
    <subfield code="1">0</subfield>
    <subfield code="2">ddc</subfield>
    <subfield code="4">0</subfield>
    <subfield code="7">0</subfield>
    <subfield code="8">900</subfield>
    <subfield code="a">MBOMRL</subfield>
    <subfield code="b">WHITL</subfield>
    <subfield code="c">GEN</subfield>
    <subfield code="d">2025-10-13</subfield>
    <subfield code="g">121.00</subfield>
    <subfield code="l">0</subfield>
    <subfield code="o">J 968.04 REBE</subfield>
    <subfield code="p">33228031163193</subfield>
    <subfield code="r">2025-10-13</subfield>
    <subfield code="w">2025-10-13</subfield>
    <subfield code="y">BOOK</subfield>
  </datafield>
  <datafield tag="952" ind1=" " ind2=" ">
    <subfield code="0">0</subfield>
    <subfield code="1">0</subfield>
    <subfield code="2">ddc</subfield>
    <subfield code="4">0</subfield>
    <subfield code="7">0</subfield>
    <subfield code="8">900</subfield>
    <subfield code="a">MBOMRL</subfield>
    <subfield code="b">KAMAL</subfield>
    <subfield code="d">2025-10-17</subfield>
    <subfield code="g">121.00</subfield>
    <subfield code="l">0</subfield>
    <subfield code="o">J 968.04 REBE</subfield>
    <subfield code="p">33228031163263</subfield>
    <subfield code="r">2025-10-17</subfield>
    <subfield code="w">2025-10-17</subfield>
    <subfield code="y">BOOK</subfield>
  </datafield>
  <datafield tag="952" ind1=" " ind2=" ">
    <subfield code="0">0</subfield>
    <subfield code="1">0</subfield>
    <subfield code="2">ddc</subfield>
    <subfield code="4">0</subfield>
    <subfield code="7">0</subfield>
    <subfield code="8">900</subfield>
    <subfield code="a">MBOMRL</subfield>
    <subfield code="b">VALEL</subfield>
    <subfield code="c">GEN</subfield>
    <subfield code="d">2025-10-17</subfield>
    <subfield code="g">121.00</subfield>
    <subfield code="l">0</subfield>
    <subfield code="o">J 968.04 REBE</subfield>
    <subfield code="p">9781928326281</subfield>
    <subfield code="r">2025-10-17</subfield>
    <subfield code="w">2025-10-17</subfield>
    <subfield code="y">BOOK</subfield>
  </datafield>
  <datafield tag="952" ind1=" " ind2=" ">
    <subfield code="0">0</subfield>
    <subfield code="1">0</subfield>
    <subfield code="2">ddc</subfield>
    <subfield code="4">0</subfield>
    <subfield code="7">0</subfield>
    <subfield code="8">900</subfield>
    <subfield code="a">MBOMRL</subfield>
    <subfield code="b">KAMAL</subfield>
    <subfield code="d">2025-10-17</subfield>
    <subfield code="g">121.00</subfield>
    <subfield code="l">0</subfield>
    <subfield code="o">J 968.04 REBE</subfield>
    <subfield code="p">3228200071493</subfield>
    <subfield code="r">2025-10-17</subfield>
    <subfield code="w">2025-10-17</subfield>
    <subfield code="y">BOOK</subfield>
  </datafield>
  <datafield tag="952" ind1=" " ind2=" ">
    <subfield code="0">0</subfield>
    <subfield code="1">0</subfield>
    <subfield code="2">ddc</subfield>
    <subfield code="4">0</subfield>
    <subfield code="7">0</subfield>
    <subfield code="a">LYDEL</subfield>
    <subfield code="b">GRASL</subfield>
    <subfield code="d">2026-05-25</subfield>
    <subfield code="l">0</subfield>
    <subfield code="o">J 968.04 REBE</subfield>
    <subfield code="p">33228031104318</subfield>
    <subfield code="r">2026-05-25</subfield>
    <subfield code="w">2026-05-25</subfield>
    <subfield code="y">BOOK</subfield>
  </datafield>
  <datafield tag="952" ind1=" " ind2=" ">
    <subfield code="0">0</subfield>
    <subfield code="1">0</subfield>
    <subfield code="2">ddc</subfield>
    <subfield code="4">0</subfield>
    <subfield code="7">0</subfield>
    <subfield code="8">900</subfield>
    <subfield code="a">MIDDL</subfield>
    <subfield code="b">THUBL</subfield>
    <subfield code="c">Non_Fiction</subfield>
    <subfield code="d">2026-06-03</subfield>
    <subfield code="l">0</subfield>
    <subfield code="o">J 968.04 REBE</subfield>
    <subfield code="p">3322830002813</subfield>
    <subfield code="r">2026-06-03</subfield>
    <subfield code="w">2026-06-03</subfield>
    <subfield code="y">BOOK</subfield>
  </datafield>
</record>
